Entry Topical Term
Number of records used in: 1
001 - CONTROL NUMBER
003 - CONTROL NUMBER IDENTIFIER
005 - DATE AND TIME OF LATEST TRANSACTION
- control field:
20230904135744.0
008 - FIXED-LENGTH DATA ELEMENTS
- fixed length control field:
230904|| aca||aabn | a|a d
040 ## - CATALOGING SOURCE
- Original cataloging agency:
JRU
- Transcribing agency:
JRU
150 ## - HEADING--TOPICAL TERM
- Topical term or geographic name as entry element:
PHARMACY
- General subdivision:
D.PHARMA
670 ## - SOURCE DATA FOUND
- Source citation:
Work cat.: (JRU)8220: LIEBERMAN ,HERBENT A., RIGER, MARTIN M AND BANKER ,GILBERT S. 8177, PHARMACEUTICAL DOSAGE:DISPERSE SYSTEM VOL-2